000 00499nam a2200169Ia 4500
008 240428s9999||||xx |||||||||||||| ||und||
020 _a9781588262462
041 _aeng
082 _a321.8D
100 _aGyimah-Boadi, E. (ed.)
245 0 _aDemocratic reform in Africa: the quality of progress
260 _bLynne Rienner Publishers
_aColorado:
_c2004
300 _avii, 351p, tabs,
650 _aDemocracy - Democratization - Political systems - Economic history
942 _cBK
999 _c479
_d479